00663nam a2200193Ia 4500008004100000100001300041245005300054245005000107260003000157260000900187300002400196440005100220650003200271650002800303650002400331650002300355999001900378952007200397190427s9999 xx 000 0 und d aWang Wei aGuidelines for business rule modeling decisions/ cWei Wang, Marta Indulska, and Shazia Sadiq.-- bTaylor and Francis Group  c2018 apages 363-373, 2018 aJournal of Computer Inforamation Systemv58(4) aBusiness Process Management aBusiness rule mangement aIntegrated Modeling aModeling Decisions c361742d361742 001040aCLbCLd2019-04-27l0r2019-04-27 00:00:00w2019-04-27ySE